[Event "37th Zalakaros Festival 2018"]
[Site "Zalakaros"]
[Date "2018.06.01"]
[Round "8"]
[White "Horak, Jiri"]
[Black "Peczely, Sebastian Zsombor"]
[Result "1/2-1/2"]
[WhiteElo "2131"]
[BlackElo "2244"]
[Annotator "NA"]
[PlyCount "159"]
[EventDate "2018.??.??"]
[EventType "swiss"]
[EventCountry "HUN"]
[SourceTitle "playchess.com"]
[Source "ChessBase"]
[SourceQuality "1"]
[TimeControl "40/5400+30:1800+30"]

1. d4 {[%emt 0:01:35]} d5 {[%emt 0:08:57]} 2. c4 {[%emt 0:00:30]} c6 {[%emt 0:00:05]} 3. Nc3 {[%emt 0:00:11]} Nf6 {[%emt 0:00:13]} 4. e3 {[%emt 0:01:22]} g6 {[%emt 0:00:56]} 5. Nf3 {[%emt 0:00:15]} Bg7 {[%emt 0:00:06]} 6. Bd3 {[%emt 0:00:59]} dxc4 {[%emt 0:00:22] D94: Grünfeld: 4 Nf3 Bg7 5 e3} (6... O-O 7. O-O Nbd7 8. cxd5 Nxd5 9. Nxd5 cxd5 10. Qb3 Nf6 11. Bd2 Ne4 12. Bb4 a5 13. Ba3 b6 14. Rac1 Bb7 15. Rc2 Nd6 16. Rfc1 Nc4 17. Bxc4 dxc4 18. Qxc4 {1-0 (51) Dreev,A (2653)-Jobava,B (2690) chess.com INT 2018}) 7. Bxc4 {[%emt 0:00:06]} b5 {[%emt 0:00:07]} 8. Bb3 {[%emt 0:00:43]} a5 {[%emt 0:00:48]} 9. Ne5 {[%emt 0:05:39]} O-O {[%emt 0:02:26]} 10. Qf3 $146 {[%emt 0:01:33]} ({Predecessor:} 10. a4 b4 11. Ne2 Bb7 12. O-O Nbd7 13. Nxd7 Qxd7 14. Bd2 c5 {0-1 (31) Rua,N (2094)-Palao,M (2138) Cali 2003}) 10... a4 {[%emt 0:04:36]} 11. Bc2 {[%emt 0:00:37]} Qb6 {[%emt 0:05:45]} 12. O-O {[%emt 0:01:48]} Bb7 {[%emt 0:01:51]} 13. Bd2 {[%emt 0:11:40]} Nfd7 {[%emt 0:03:38]} 14. Nxd7 {[%emt 0:05:18]} Nxd7 {[%emt 0:01:10]} 15. Rfd1 {[%emt 0:10:07]} e5 {[%emt 0:04:22]} 16. d5 {[%emt 0:07:07]} Nc5 {[%emt 0:17:17]} 17. dxc6 {[%emt 0:15:07]} Bxc6 {[%emt 0:00:20]} 18. Nd5 {[%emt 0:00:35]} Bxd5 {[%emt 0:03:11]} 19. Qxd5 {[%emt 0:01:13]} Rfd8 {[%emt 0:03:18]} 20. Qf3 {[%emt 0:01:04]} b4 {[%emt 0:00:16]} 21. Be4 {[%emt 0:05:25]} Ra7 {[%emt 0:02:51]} 22. Be1 {[%emt 0:00:43]} Rad7 {[%emt 0:00:08]} 23. Rxd7 {[%emt 0:01:31]} Rxd7 {[%emt 0:00:46]} 24. g4 {[%emt 0:02:05]} Ne6 {[%emt 0:10:05]} 25. Rc1 {[%emt 0:07:25]} Ng5 {[%emt 0:06:25]} 26. Qg2 {[%emt 0:00:08]} Rc7 {[%emt 0:00:49]} 27. Rd1 {[%emt 0:00:25]} Rc4 {[%emt 0:01:21]} 28. Bd3 {[%emt 0:04:36]} Rc8 {[%emt 0:00:09]} 29. h4 {[%emt 0:05:59]} Ne6 {[%emt 0:06:33]} 30. Qe4 {[%emt 0:01:08]} Rb8 {[%emt 0:04:25]} 31. Bc4 {[%emt 0:00:53]} Nc5 {[%emt 0:04:56]} 32. Qf3 {[%emt 0:01:29]} Qc7 {[%emt 0:01:48]} 33. Bd5 {[%emt 0:01:43]} e4 {[%emt 0:01:14]} 34. Qe2 {[%emt 0:01:52]} Nd3 {[%emt 0:00:38]} 35. b3 {[%emt 0:00:43]} axb3 {[%emt 0:00:39]} 36. axb3 {[%emt 0:00:47]} Qe7 {[%emt 0:00:49]} 37. f4 {[%emt 0:02:07]} Nxe1 {[%emt 0:03:11]} 38. Rxe1 {[%emt 0:00:24]} Bc3 {[%emt 0:00:24]} 39. Rd1 {[%emt 0:00:23]} Qxh4 {[%emt 0:00:10]} 40. Bxe4 {[%emt 0:00:00]} Re8 {[%emt 0:00:47]} 41. Bf3 {[%emt 0:05:29]} Qg3+ {[%emt 0:05:20]} 42. Kf1 {[%emt 0:01:45]} Kg7 {[%emt 0:01:55]} 43. Qf2 {[%emt 0:00:39]} Qh3+ {[%emt 0:00:35]} 44. Ke2 {[%emt 0:01:22]} Qh6 {[%emt 0:09:24]} 45. g5 {[%emt 0:00:10]} Qh3 {[%emt 0:00:16]} 46. Bd5 {[%emt 0:06:35]} Re7 {[%emt 0:01:04]} 47. Rh1 {[%emt 0:02:29]} Qf5 {[%emt 0:00:17]} 48. Bg2 {[%emt 0:04:24]} Bd4 {[%emt 0:05:36]} 49. Rh3 {[%emt 0:05:10]} Qb5+ {[%emt 0:03:21]} 50. Kf3 {[%emt 0:04:45]} Rxe3+ {[%emt 0:00:09]} 51. Qxe3 {[%emt 0:00:16]} Bxe3 {[%emt 0:00:07]} 52. Kxe3 {[%emt 0:00:04]} Qc5+ {[%emt 0:00:10]} 53. Kf3 {[%emt 0:00:21]} Qd5+ {[%emt 0:00:41]} 54. Kf2 {[%emt 0:00:55]} Qd2+ {[%emt 0:00:29]} 55. Kg3 {[%emt 0:00:50]} Qe3+ {[%emt 0:01:55]} 56. Kg4 {[%emt 0:00:21]} Qe6+ {[%emt 0:00:22]} 57. Kh4 {[%emt 0:00:20]} f6 {[%emt 0:01:43]} 58. Rg3 {[%emt 0:03:55]} (58. Rf3 $19) 58... Qe1 {[%emt 0:00:44]} (58... Qe2 $142 59. gxf6+ Kxf6 60. Bf3 Qh2+ 61. Rh3 Qxf4+ 62. Bg4 Qg5+ 63. Kg3 h5 64. Kg2 Qxg4+ 65. Rg3 Qe2+ 66. Kh3 g5 67. Rg2 Qf3+ 68. Kh2 Qxb3 69. Re2 Qc4 70. Rf2+ Qf4+ 71. Kh1 h4 72. Rg2 b3 73. Kg1 Qc1+ 74. Kh2 b2 75. Rf2+ Kg6 76. Rf1 b1=Q 77. Rxc1 Qxc1 78. Kg2 Qf4 79. Kh1 Qf1+ 80. Kh2 h3 81. Kg3 Qg2#) 59. Kh3 {[%emt 0:00:46]} Qc1 {[%emt 0:00:36]} 60. gxf6+ {[%emt 0:00:20]} Kxf6 {[%emt 0:00:05]} 61. Rf3 {[%emt 0:00:16]} h5 {[%emt 0:00:51]} 62. Bf1 {[%emt 0:00:25]} Qd1 {[%emt 0:00:49]} 63. Bg2 {[%emt 0:00:21]} Qe2 {[%emt 0:01:02]} 64. Kg3 {[%emt 0:00:31] [#]} h4+ $1 {[%emt 0:01:12]} 65. Kh3 {[%emt 0:00:18]} Kf5 {[%emt 0:00:48]} 66. Bh1 {[%emt 0:00:39]} Qd1 {[%emt 0:01:18]} 67. Bg2 $1 {[%emt 0:00:22]} Qe1 {[%emt 0:00:56]} 68. Bf1 {[%emt 0:00:37]} Qd1 {[%emt 0:01:24]} 69. Bg2 {[%emt 0:00:14]} Qc2 {[%emt 0:00:13]} 70. Bh1 {[%emt 0:00:44] [#]} Qc3 $1 {[%emt 0:00:48]} 71. Bg2 {[%emt 0:00:35]} Qd2 {[%emt 0:00:26]} 72. Bf1 {[%emt 0:00:36]} Qe1 {[%emt 0:00:32]} 73. Bd3+ {[%emt 0:00:41]} Kf6 {[%emt 0:00:23]} 74. Bf1 {[%emt 0:00:07]} Qd1 {[%emt 0:00:16]} 75. Bg2 {[%emt 0:00:24]} Kf5 {[%emt 0:00:41]} 76. Kxh4 {[%emt 0:01:01]} Qe1+ {[%emt 0:01:48]} 77. Kh3 {[%emt 0:00:09]} Qg1 {[%emt 0:00:27]} 78. Rf1 {[%emt 0:00:17]} Qe3+ {[%emt 0:00:42]} 79. Rf3 $17 {[%emt 0:00:08]} Qe2 {[%emt 0:00:15]} 80. Kg3 {[%emt 0:00:16] Ke5} 1/2-1/2

[Event "37th Zalakaros Festival 2018"]
[Site "Zalakaros"]
[Date "2018.06.02"]
[Round "9"]
[White "Aczel, Gergely"]
[Black "Chernyshov, Konstantin"]
[Result "1/2-1/2"]
[WhiteElo "2567"]
[BlackElo "2478"]
[Annotator "TA"]
[PlyCount "88"]
[EventDate "2018.??.??"]
[EventType "swiss"]
[EventCountry "HUN"]
[SourceTitle "playchess.com"]
[Source "ChessBase"]
[SourceQuality "1"]

{[%evp 14,88,33,37,37,47,67,47,72,50,71,69,69,66,73,72,75,70,71,75,74,66,102,95,104,89,82,85,79,70,59,18,50,51,85,77,81,85,100,97,94,94,86,35,18,6,88,38,37,41,34,0,0,0,0,0,0,0,0,0,0,0,0,0,0,0,0,-60,-57,-55,-98,-69,-72,-63,0,-10,0]} 1. d4 e6 2. c4 f5 3. e3 Nf6 4. Bd3 b6 5. Nf3 Bb4+ 6. Nbd2 Bb7 7. O-O {A84: Dutch Defence: 2 c4 Miscellaneous} O-O 8. a3 {LiveBook: 4 Games} (8. Qc2 Qe8 9. a3 Bd6 10. b4 Qh5 11. Bb2 c5 12. bxc5 bxc5 13. Rab1 cxd4 14. exd4 Bxf3 15. Nxf3 {1-0 (45) Goganov,A (2620)-Moiseenko,V (2497) Kolomna 2016}) 8... Bxd2 9. Nxd2 {White is slightly better.} Qe8 10. f3 $146 ({Predecessor:} 10. b4 Qg6 11. f3 Nc6 12. Bb2 Ne7 13. Qe2 Nh5 14. a4 Rab8 {1-0 (40) Marichal Gonzalez,A (2010)-Barroso,W (2200) Cuba 1997}) 10... d6 11. Qc2 a5 12. b3 Nbd7 13. Bb2 Qe7 14. Rae1 Rae8 15. Nb1 g6 16. Nc3 e5 17. d5 c6 18. dxc6 Bxc6 19. Be2 Nc5 20. Rd1 Ne6 21. Nd5 Bxd5 $1 22. cxd5 Rc8 23. Qb1 Nc7 {[%cal Be6c7,Bc7e8,Be8d6][%mdl 32]} 24. e4 Nh5 {[%cal Bf6h5,Bh5g7,Bg7f5][%mdl 32]} 25. g3 Ne8 26. f4 {[#] aiming for exf5.} Nhg7 27. fxe5 dxe5 28. Kh1 (28. Rfe1 $16) 28... Nd6 $14 29. exf5 Rxf5 (29... Ngxf5 $11 30. Rde1 Ne3) 30. Bg4 Rxf1+ 31. Rxf1 Ngf5 32. Rc1 Rxc1+ 33. Qxc1 Qf6 34. Kg1 h5 35. Bxf5 Qxf5 36. Qe1 Ne4 37. Qe2 Kf7 38. a4 Kf6 39. Qe3 Nc5 {[#] White must now prevent ...Qb1+.} 40. Bc3 ({Better is} 40. Qc1 $11) 40... Qb1+ $15 41. Kg2 Qc2+ 42. Kh3 Qf5+ 43. Kg2 Qc2+ ({Black should try} 43... Qe4+ $15 44. Qxe4 Nxe4) 44. Kh3 $1 $11 Qf5+ {Precision: White = 65%, Black = 62%.} 1/2-1/2

[Event "37th Zalakaros Festival 2018"]
[Site "Zalakaros"]
[Date "2018.06.02"]
[Round "9"]
[White "Astaneh Lopez, Alex"]
[Black "Saber, Yasser"]
[Result "1-0"]
[WhiteElo "2446"]
[BlackElo "2266"]
[Annotator "TA"]
[PlyCount "107"]
[EventDate "2018.??.??"]
[EventType "swiss"]
[EventCountry "HUN"]
[SourceTitle "playchess.com"]
[Source "ChessBase"]
[SourceQuality "1"]

{[%evp 13,107,21,54,44,58,64,64,69,81,46,74,72,100,77,86,84,88,74,113,88,102,81,84,56,120,94,102,99,106,119,127,139,149,145,143,141,137,137,137,140,160,126,175,172,172,161,226,222,212,219,215,213,229,234,256,244,240,231,233,217,220,217,287,287,295,284,510,508,478,437,470,435,426,390,563,563,613,631,622,630,617,597,625,632,763,745,726,732,979,733,1046,995,858,884,791,501]} 1. d4 d6 2. e4 Nf6 3. f3 Nbd7 4. Be3 e5 5. d5 Be7 6. c4 {B07: Pirc-Ufimzew-Verteidigung} O-O 7. Ne2 c6 {LiveBook: 3 Partien} 8. Qd2 {Weiß steht etwas besser.} Nb6 $146 ({Vorgänger:} 8... a6 9. Na3 Ne8 10. Nc3 c5 11. Bd3 g6 {1-0 (56) Popov,V (2589)-Dyachkov,S (2566) Sochi 2007}) 9. Ng3 Qc7 10. Nc3 Bd7 11. Rc1 Rfc8 12. b3 a5 {[%cal Ba7a5,Ba5a4][%mdl 32]} 13. Bd3 a4 14. O-O Bd8 15. Rfd1 Be8 16. dxc6 bxc6 17. Bc2 {Sf5 ist eine echte Drohung.} axb3 18. Bxb3 Nbd7 (18... g6 $1 $14) 19. Na4 {[%cal Bc3a4,Ba4b2,Bb2d3][%mdl 32] zielt auf Sf5 ab.} g6 20. Qxd6 Qxd6 21. Rxd6 Ra6 22. c5 $36 {[%mdl 2048] Schwarz steht unter starkem Druck.} Be7 23. Rd2 Rca8 24. Nb2 Ra5 {[%cal Rd7c5]} 25. Nd3 Rd8 26. Rdc2 Kg7 27. Kf2 h5 28. Nf1 $1 {[%cal Bg3f1,Bf1e3,Be3c4][%mdl 32]} Nh7 29. Ke2 Bg5 (29... Raa8 $142 30. Nd2 f6) 30. Bxg5 $18 Nxg5 {[#]} 31. h4 $1 {[%cal Rh4g5]} Nh7 32. Ne3 f6 33. Nc4 Ra7 34. Nd6 Kf8 35. Rd2 Ke7 36. Nxe8 Rxe8 37. Nb4 Rc8 {[#]} 38. Rd6 $1 Nb8 39. Re6+ Kd8 $2 (39... Kf8 {kämpft weiter.} 40. Rd6 Kg7) 40. Rd1+ Rd7 41. Ba4 Nf8 42. Rxf6 Ke7 43. Rfd6 Rb7 (43... Rxd6 {war angesagt.} 44. cxd6+ Kf6) 44. Nd3 {Weiß steht klar auf Gewinn.} Ra7 45. Bb3 Nbd7 46. g4 hxg4 47. fxg4 {[%cal Bf3g4,Bg4g5][%mdl 32]} Ra5 48. g5 Nxc5 49. Nxc5 Rxc5 50. Rf6 Rc3 51. Rf7+ Ke8 52. Rdf1 Nd7 53. Rh7 Nf8 {[#]} 54. Rxf8+ $1 {[%mdl 512] Precision: Weiß = 85%, Schwarz = 36%.} 1-0

[Event "37th Zalakaros Festival 2018"]
[Site "Zalakaros"]
[Date "2018.06.02"]
[Round "9"]
[White "Chakravarthi Reddy, M."]
[Black "Ostovic, Matija"]
[Result "1-0"]
[WhiteElo "2443"]
[BlackElo "2352"]
[Annotator "TA"]
[PlyCount "113"]
[EventDate "2018.??.??"]
[EventType "swiss"]
[EventCountry "HUN"]
[SourceTitle "playchess.com"]
[Source "ChessBase"]
[SourceQuality "1"]

{[%evp 22,113,66,71,118,108,128,85,128,128,116,131,125,118,123,122,153,154,158,159,154,148,134,77,147,38,37,38,66,72,295,154,123,135,195,195,195,181,182,0,0,-46,-27,-145,-40,-79,-50,-77,-47,-53,0,0,0,0,0,0,0,0,0,0,54,54,162,142,128,137,215,209,207,210,202,197,266,248,387,383,376,385,367,373,537,529,717,710,688,659,692,702,914,998,1847,1718,1314,781]} 1. c4 Nf6 2. Nf3 g6 3. Nc3 d5 4. cxd5 Nxd5 5. Qb3 Nb6 6. d4 Bg7 7. e4 c6 8. Be3 O-O 9. Rd1 Be6 10. Qc2 Bg4 11. Be2 N8d7 {A16: English Opening: 1...Nf6 with ...d5} 12. O-O {LiveBook: 4 Games} Nf6 (12... Qc7 13. h3 Bxf3 14. Bxf3 {1-0 (29) Mamedyarov,S (2748)-Areshchenko,A (2710) Eilat 2012}) 13. h3 Be6 $146 {White is better.} ({Predecessor:} 13... Bxf3 14. Bxf3 Rc8 15. Qb3 Qc7 16. Rd2 Nfd7 17. a4 Ra8 18. Rfd1 e6 19. g3 {1-0 (28) Arsovic,Z (2467)-Dabetic,R (2333) Bar 2008}) 14. Ne5 Nfd7 15. f4 Qc7 16. f5 gxf5 17. exf5 Bd5 18. Ng4 Qg3 {[%csl Gd5][%cal Rg3g2]} 19. Rf2 $1 Qc7 20. Bf4 $36 {[%mdl 2048] Black is under strong pressure.} Qd8 21. f6 Nxf6 22. Nxf6+ (22. Bd3 $142 $1) 22... Bxf6 (22... exf6 $142 23. Bd3 f5) 23. Be5 (23. Bd3 $1 $16) 23... Bxe5 $14 24. dxe5 Kh8 25. Bd3 Rg8 $2 (25... e6 $16 {was necessary.}) 26. Bxh7 (26. Nxd5 $18 Nxd5 27. Rxf7) 26... Rg7 $16 27. Be4 e6 {[#]} (27... Qc8 $16) 28. Rf6 $1 $18 Nd7 29. Rh6+ (29. Nxd5 cxd5 30. Rh6+ Kg8 $15) 29... Kg8 {[#]} 30. Bxd5 $2 (30. Qe2 $1 $18 {[%cal Re2h5]} Qg5 31. Rh5) 30... cxd5 31. Rh5 Qb6+ 32. Kf1 (32. Kh2 $1 $11 {remains equal.}) 32... Qe3 (32... Rf8 $17 {aiming for ...f6.} 33. Qb3 Qc6) 33. Re1 Qf4+ 34. Kg1 Rc8 35. Qe2 Nf8 (35... Nc5 $15) 36. Rf1 $11 Qd4+ 37. Kh1 Ng6 {Strongly threatening ...Nf4.} 38. Nb5 Qc4 39. Qxc4 Rxc4 40. Nd6 Rc2 ({Black should try} 40... Nf4 $11 41. Rh4 Nxg2 42. Rxc4 dxc4) 41. Ne8 $14 Kf8 (41... Rxb2 $14 42. Rg5 (42. Nxg7 Kxg7 43. Rg5 Kh6 $11) 42... Re2) 42. Nxg7 $18 Kxg7 {[%mdl 4096] Endgame KRR-KRN} 43. Rg5 Re2 (43... Kh6 $16 44. Rg3 Nxe5) 44. h4 Rxe5 45. Rxe5 Nxe5 {KR-KN} 46. Rc1 Nc6 (46... d4 $142 47. g3 Nc6) 47. g4 e5 (47... Kg6 {was worth a try.} 48. Kg2 f6) 48. Kg2 e4 49. Rc5 d4 50. Rd5 d3 (50... f6 {keeps fighting.} 51. Kf2 Kg6) 51. Kf2 {White is clearly winning.} Kf6 52. Ke3 Nb4 53. Rf5+ Kg7 54. Kxe4 d2 55. Rf1 Nxa2 56. Rd1 Nb4 57. Rxd2 {Precision: White = 56%, Black = 31%.} 1-0

[Event "37th Zalakaros Festival 2018"]
[Site "Zalakaros"]
[Date "2018.06.02"]
[Round "9"]
[White "Meszaros, Tamas"]
[Black "Hardicsay, Peter"]
[Result "1-0"]
[WhiteElo "2407"]
[BlackElo "2211"]
[Annotator "ChessBase"]
[PlyCount "35"]
[EventDate "2018.??.??"]
[EventType "swiss"]
[EventCountry "HUN"]
[SourceTitle "playchess.com"]
[Source "ChessBase"]
[SourceQuality "1"]
[TimeControl "40/5400+30:1800+30"]

1. e4 {[%emt 0:00:05]} c5 {[%emt 0:00:42]} 2. Nf3 {[%emt 0:00:16]} e6 {[%emt 0:00:10]} 3. d4 {[%emt 0:00:16]} cxd4 {[%emt 0:00:10]} 4. Nxd4 {[%emt 0:00:05]} Nf6 {[%emt 0:00:22]} 5. Nc3 {[%emt 0:00:05]} Nc6 {[%emt 0:00:07]} 6. Nxc6 {[%emt 0:00:29]} bxc6 {[%emt 0:00:36]} 7. e5 {[%emt 0:00:04]} Nd5 {[%emt 0:00:06]} 8. Ne4 {[%emt 0:00:04]} Bb7 {[%emt 0:10:23]} 9. c4 {[%emt 0:11:12]} Qa5+ 10. Bd2 {[%emt 0:04:04]} Nb4 {[%emt 0:06:35]} 11. c5 {[%emt 0:08:14]} Bxc5 {[%emt 0:16:04]} 12. a3 {[%emt 0:08:55]} Be7 {[%emt 0:33:30]} 13. axb4 {[%emt 0:41:00]} Qxe5 {[%emt 0:00:23]} 14. Bd3 {[%emt 0:03:21]} Qd4 {[%emt 0:11:14]} 15. Bc3 {[%emt 0:06:28]} Bxb4 {[%emt 0:02:22]} 16. O-O {[%emt 0:00:09]} Bxc3 {[%emt 0:03:59]} 17. bxc3 {[%emt 0:00:04]} Qe5 {[%emt 0:01:12]} 18. Qb3 {[%emt 0:04:32]} 1-0

[Event "37th Zalakaros Festival 2018"]
[Site "Zalakaros"]
[Date "2018.06.02"]
[Round "9"]
[White "Szeberenyi, Adam"]
[Black "Kincs, Imre"]
[Result "0-1"]
[WhiteElo "2372"]
[BlackElo "2210"]
[Annotator "NA"]
[PlyCount "64"]
[EventDate "2018.??.??"]
[EventType "swiss"]
[EventCountry "HUN"]
[SourceTitle "playchess.com"]
[Source "ChessBase"]
[SourceQuality "1"]
[TimeControl "40/5400+30:1800+30"]

1. d4 {[%emt 0:00:02]} Nf6 {[%emt 0:27:58]} 2. Nf3 d5 {[%emt 0:00:26]} 3. c4 {[%emt 0:00:25]} e6 {[%emt 0:00:05]} 4. Nc3 {[%emt 0:00:16]} c6 {[%emt 0:00:29]} 5. e3 {[%emt 0:00:29]} Nbd7 {[%emt 0:00:16]} 6. Qc2 {[%emt 0:02:11]} Bd6 {[%emt 0:01:55]} 7. e4 {[%emt 0:02:32]} dxe4 {[%emt 0:00:07]} 8. Nxe4 {[%emt 0:00:03]} Nxe4 {[%emt 0:00:06]} 9. Qxe4 {[%emt 0:00:04]} Nf6 {[%emt 0:00:52]} 10. Qh4 {[%emt 0:00:46]} c5 {[%emt 0:00:37] D45: Semi-Slav: 5 e3} 11. Bd2 {[%emt 0:03:13]} cxd4 {[%emt 0:00:48]} 12. Nxd4 {[%emt 0:04:48]} Be5 $146 {[%emt 0:01:47]} ({Predecessor:} 12... Bd7 13. Bc3 Qc7 14. Bd3 h6 15. O-O e5 16. Nf5 Bxf5 17. Bxf5 O-O 18. Rac1 Rfe8 19. Rfe1 a5 20. a3 Kh8 21. b4 axb4 22. axb4 b6 23. Kh1 {½-½ (23) Sadler,M (2515)-Ribli,Z (2610) Altensteig 1992}) 13. Nb5 {[%emt 0:10:34]} Bxb2 {[%emt 0:07:32]} 14. Rd1 {[%emt 0:02:51]} O-O {[%emt 0:03:42]} 15. Bb4 {[%emt 0:02:35]} Bd7 {[%emt 0:00:07]} 16. Rb1 {[%emt 0:09:47]} Bxb5 {[%emt 0:07:30]} 17. Rxb2 {[%emt 0:09:10]} Ba4 {[%emt 0:03:08]} 18. Be2 {[%emt 0:01:22]} Re8 {[%emt 0:00:30]} 19. O-O {[%emt 0:00:56]} Rc8 {[%emt 0:00:20]} 20. Rd2 {[%emt 0:03:50]} Qc7 {[%emt 0:01:11]} 21. Bd6 {[%emt 0:06:02]} Qa5 {[%emt 0:02:41]} 22. Rd3 {[%emt 0:02:22]} Bc2 {[%emt 0:00:30]} 23. Ra3 {[%emt 0:06:14]} Qd2 {[%emt 0:00:42]} 24. Rg3 {[%emt 0:09:59]} Qxd6 {[%emt 0:00:18]} 25. Bf3 {[%emt 0:05:39]} Bg6 {[%emt 0:02:46]} 26. Qg5 {[%emt 0:00:45]} Rc5 {[%emt 0:01:37]} 27. Qe3 {[%emt 0:00:08]} b6 {[%emt 0:00:10]} 28. h4 {[%emt 0:00:08]} Rec8 {[%emt 0:01:20]} 29. Rd1 {[%emt 0:00:48]} Qc7 {[%emt 0:02:12]} 30. Be2 {[%emt 0:01:56]} Re5 {[%emt 0:01:47]} 31. Qf4 {[%emt 0:00:58]} h6 {[%emt 0:00:12]} 32. Re3 {[%emt 0:02:19]} Rd5 $19 {[%emt 0:00:52]} 0-1

[Event "37th Zalakaros Festival 2018"]
[Site "Zalakaros"]
[Date "2018.06.02"]
[Round "9"]
[White "Srinath, Rao S.V."]
[Black "Pribelszky, Bence"]
[Result "1-0"]
[WhiteElo "2363"]
[BlackElo "2187"]
[Annotator "NA"]
[PlyCount "91"]
[EventDate "2018.??.??"]
[EventType "swiss"]
[EventCountry "HUN"]
[SourceTitle "playchess.com"]
[Source "ChessBase"]
[SourceQuality "1"]
[TimeControl "40/5400+30:1800+30"]

1. d4 {[%emt 0:03:25]} Nf6 {[%emt 0:01:14]} 2. Nf3 {[%emt 0:00:07]} e6 {[%emt 0:00:33]} 3. Bf4 {[%emt 0:00:12]} c5 {[%emt 0:01:52]} 4. e3 {[%emt 0:00:06]} d5 {[%emt 0:01:35]} 5. c3 {[%emt 0:00:12]} Nc6 {[%emt 0:00:33]} 6. Nbd2 {[%emt 0:00:16]} Bd6 {[%emt 0:01:31]} 7. Bg3 {[%emt 0:00:08]} O-O {[%emt 0:01:09]} 8. Bd3 {[%emt 0:00:09]} b6 {[%emt 0:05:25]} 9. Ne5 {[%emt 0:01:30]} Bb7 {[%emt 0:03:55]} 10. f4 {D02: 1 d4 d5 2 Nf3 sidelines, including 2...Nf6 3 g3 and 2...Nf6 3 Bf4} Ne7 {[%emt 0:06:39]} 11. Qc2 {[%emt 0:06:20]} Ng6 $146 {[%emt 0:17:06]} ({Predecessor:} 11... c4 12. Be2 Nf5 13. Bf2 Be7 14. Ng4 Nxg4 15. Bxg4 Nd6 16. f5 exf5 17. Bxf5 Nxf5 18. Qxf5 {½-½ (35) Andreikin,D (2720)-Karjakin,S (2762) Baku 2015}) 12. O-O {[%emt 0:00:32]} a5 {[%emt 0:05:54]} 13. a4 {[%emt 0:06:40]} Ba6 {[%emt 0:03:22]} 14. Bxa6 {[%emt 0:01:47]} Rxa6 {[%emt 0:00:20]} 15. Nxg6 {[%emt 0:00:06]} hxg6 {[%emt 0:01:57]} 16. Bh4 {[%emt 0:00:04]} Qc7 {[%emt 0:06:02]} 17. Bxf6 {[%emt 0:00:24]} gxf6 {[%emt 0:00:16]} 18. Qd3 {[%emt 0:00:05]} Raa8 {[%emt 0:02:58]} 19. g3 {[%emt 0:03:36]} Rad8 {[%emt 0:08:38]} 20. h4 {[%emt 0:01:15]} f5 {[%emt 0:02:24]} 21. Nf3 {[%emt 0:05:38]} c4 {[%emt 0:10:28]} 22. Qe2 {[%emt 0:00:23]} f6 {[%emt 0:01:36]} 23. h5 {[%emt 0:00:16]} gxh5 {[%emt 0:02:20]} 24. Kf2 {[%emt 0:03:10]} Kg7 {[%emt 0:06:31]} 25. Rh1 {[%emt 0:01:01]} Rh8 {[%emt 0:00:45]} 26. Rh3 {[%emt 0:00:33]} Rh6 {[%emt 0:01:14]} 27. Rah1 {[%emt 0:00:47]} Rdh8 {[%emt 0:01:01]} 28. Nd2 {[%emt 0:01:52]} Kg6 {[%emt 0:02:29]} 29. Kg2 {[%emt 0:03:34]} Qc6 {[%emt 0:02:04]} 30. Qd1 {[%emt 0:02:15]} b5 {[%emt 0:01:08]} 31. axb5 {[%emt 0:02:34]} Qxb5 {[%emt 0:00:05]} 32. Qc2 {[%emt 0:00:09]} Rb8 {[%emt 0:02:06]} 33. g4 {[%emt 0:02:04]} Qxb2 {[%emt 0:00:46]} 34. gxf5+ {[%emt 0:00:03]} Kg7 {[%emt 0:01:02]} 35. Rg3+ {[%emt 0:00:05]} (35. Qd1 $142 exf5 36. Kf3) 35... Kh7 {[%emt 0:00:12]} 36. Qd1 {[%emt 0:00:17]} h4 {[%emt 0:00:48]} 37. Qg4 {[%emt 0:01:05]} Qxd2+ {[%emt 0:00:27]} 38. Kf3 {[%emt 0:00:04]} Qd1+ {[%emt 0:00:33]} 39. Rxd1 {[%emt 0:00:06]} hxg3 {[%emt 0:00:06]} 40. fxe6 {[%emt 0:00:00]} Rg8 {[%emt 0:00:54]} 41. Qf5+ {[%emt 0:01:13]} Kh8 {[%emt 0:13:02]} 42. Qxd5 $18 {[%emt 0:00:59]} g2 {[%emt 0:03:27]} 43. Rg1 {[%emt 0:00:37]} Rh3+ {[%emt 0:01:29]} 44. Kf2 {[%emt 0:00:07]} Rgg3 {[%emt 0:01:03]} 45. Rxg2 {[%emt 0:00:24]} Rxe3 {[%emt 0:00:37]} 46. Qa8+ {[%emt 0:00:12]} 1-0

[Event "37th Zalakaros Festival 2018"]
[Site "Zalakaros"]
[Date "2018.06.02"]
[Round "9"]
[White "Radovanovic, Jovica"]
[Black "Jamrich, Gyorgy"]
[Result "1-0"]
[WhiteElo "2311"]
[BlackElo "2213"]
[Annotator "TA"]
[PlyCount "117"]
[EventDate "2018.??.??"]
[EventType "swiss"]
[EventCountry "HUN"]
[SourceTitle "playchess.com"]
[Source "ChessBase"]
[SourceQuality "1"]

{[%evp 20,117,35,28,52,45,52,46,50,36,35,31,28,16,18,15,18,10,10,4,12,4,4,-14,0,-54,-40,-166,0,0,7,16,12,0,0,-12,0,0,0,-16,-21,-32,25,26,26,0,0,0,12,8,18,0,0,0,0,0,0,0,0,0,0,0,8,0,216,202,551,551,551,524,600,600,600,592,558,551,551,551,551,551,551,551,551,551,551,539,29977,29978,29978,29978,29980,29981,29984,29981,29981,29977,12846,7315,29998,29999]} 1. d4 Nf6 2. Nf3 e6 3. c4 b6 4. g3 Ba6 5. b3 c6 6. Bg2 d5 7. O-O Nbd7 8. Nbd2 Rc8 9. Bb2 Be7 10. Re1 O-O 11. e4 {LiveBook: 12 Games. E07: Closed Catalan: Main Line (5 Nf3 0-0 6 0-0 Nbd7)} Bb7 (11... Qc7 12. Rc1 Qb8 13. Ne5 Nxe5 14. dxe5 Nxe4 15. Nxe4 dxe4 16. Bxe4 {½-½ (79) Kasimdzhanov,R (2704)-Kovalyov,A (2616) Baku 2015}) 12. e5 Ne8 13. cxd5 {White is slightly better.} cxd5 14. Bf1 $146 ({Predecessor:} 14. h4 Nc7 15. Nf1 a5 {½-½ (15) Torres,J (2242)-Barrientos,S (2461) Manizales 2017}) 14... Nb8 15. Bd3 Ba6 16. Bb1 g6 17. Nf1 Bb4 18. Re3 Ng7 19. Nh4 Be7 20. Ng2 Nc6 21. Rc3 f6 22. exf6 (22. Bd3 $11 Bxd3 23. exf6 Bxf6 24. Rxd3) 22... Bxf6 $15 23. Rf3 (23. Re3 $15) 23... Nxd4 $2 (23... e5 $19 {...e4 is the strong threat.} 24. Bd3 Bxd3 25. Rxd3 exd4) 24. Bxd4 $11 Rc1 25. Qxc1 Bxd4 26. Rxf8+ Qxf8 27. Nge3 {Threatens to win with Bc2.} Bxa1 {[#]} 28. Bxg6 $1 {[%mdl 512]} Bd4 (28... hxg6 29. Qxa1) 29. Bb1 Qc5 30. Qc2 h5 (30... Qxc2 $15 31. Bxc2 Ne8) 31. Qh7+ Kf8 32. Bd3 Bxd3 33. Qxd3 b5 34. Kg2 a6 35. a4 Qc3 36. Qxc3 Bxc3 37. axb5 axb5 {[%mdl 4096] Endgame KBN-KNN} 38. Kf3 Ke7 39. Ke2 Kd6 40. Kd3 Be1 41. f4 h4 $2 (41... Bf2 $11 {and Black has nothing to worry.}) 42. Ng2 $18 hxg3 $2 (42... Bf2) 43. Nxe1 gxh2 44. Nxh2 e5 45. fxe5+ Kxe5 46. Nhf3+ Kd6 47. Nd4 Kc5 48. Nec2 b4 49. Ke3 Ne8 {Now ...Nd6 and Black clings on.} 50. Ne1 Kb6 51. Nd3 Nc7 52. Kf4 Ka5 53. Ke5 Na8 54. Kxd5 Nb6+ 55. Kc6 Na4 56. Ne2 Nb6 57. Nb2 Nc8 58. Nd4 {[#] White threatens Kc7 and mate.} Ne7+ 59. Kb7 {Precision: White = 54%, Black = 49%.} 1-0